| 000 | 00855cam a22002891 4500 | ||
|---|---|---|---|
| 001 | sa 65007973 | ||
| 003 | DLC | ||
| 005 | 20260227112152.0 | ||
| 008 | 900222s1964 ii h b 000 0 sano | ||
| 010 | _asa 65007973 | ||
| 035 | _a(OCoLC)21110910 | ||
| 040 |
_aDLC _cWaU _dOCoLC _dDLC |
||
| 042 | _apremarc | ||
| 043 | _aa-ii--- | ||
| 050 | 0 | 0 |
_aPK2916 _b.V55 1964 |
| 100 | 0 |
_aVinayacandrasūri, _dactive 13th century. |
|
| 245 | 1 | 0 | _aKāvyaśikṣā. |
| 250 | _a[1st ed.] | ||
| 260 | _c[1964] | ||
| 300 |
_a23, 197 p. _bfacsim. _c25 cm. |
||
| 440 | 0 |
_aLalbhai Dalpatbhai series, _vno. 3 |
|
| 500 | _aAdded t.p. in English. | ||
| 500 | _aIn Sanskrit; pref. and introd. in English. | ||
| 504 | _aBibliographical footnotes. | ||
| 650 | 0 |
_aSanskrit poetry _xHistory and criticism. |
|
| 700 | 1 |
_aŚāstrī, Hariprasāda Gaṅgāśaṅkara, _d1919- |
|
| 999 |
_c65451 _d65451 |
||